Money in the bank : (Record no. 45999)

MARC details
000 -LEADER
campo de control de longitud fija 01046cam a2200325 a 4500
001 - NÚMERO DE CONTROL
campo de control 28851
005 - FECHA Y HORA DE LA ÚLTIMA TRANSACCIÓN
campo de control 20230410115701.0
008 - DATOS DE LONGITUD FIJA--INFORMACIÓN GENERAL
campo de control de longitud fija 871113s1988 ilua b 000 0 eng
035 ## - NÚMERO DE CONTROL DEL SISTEMA
-- (DLC) 87073266
035 ## - NÚMERO DE CONTROL DEL SISTEMA
Número de control de sistema 3370351
010 ## - NÚMERO DE CONTROL DE LA BIBLIOTECA DEL CONGRESO
Número de control de LC 87073266
020 ## - NÚMERO INTERNACIONAL ESTÁNDAR DEL LIBRO
Número Internacional Estándar del Libro 1555200680
020 ## - NÚMERO INTERNACIONAL ESTÁNDAR DEL LIBRO
Número Internacional Estándar del Libro 1556230702 (pbk.)
040 ## - FUENTE DE CATALOGACIÓN
Centro catalogador/agencia de origen DLC
Centro/agencia transcriptor DLC
Centro/agencia modificador DLC
043 ## - CÓDIGO DE ÁREA GEOGRÁFICA
Código de área geográfica n-us---
050 14 - SIGNATURA TOPOGRÁFICA DE LA BIBLIOTECA DEL CONGRESO
Número de clasificación HG 2481
Número de ítem A134m 1988
082 00 - NÚMERO DE LA CLASIFICACIÓN DECIMAL DEWEY
Número de clasificación 332.1/0973
Número de edición 19
100 1# - ENTRADA PRINCIPAL--NOMBRE DE PERSONA
Nombre de persona Abboud, A. Robert.
245 10 - MENCIÓN DEL TÍTULO
Título Money in the bank :
Resto del título how safe is it? /
Mención de responsabilidad, etc. A. Robert Abboud, William G. Schopf, Geoffrey N. Smith.
260 ## - PUBLICACIÓN, DISTRIBUCIÓN, ETC.
Lugar de publicación, distribución, etc. Rolling Meadows, Ill. :
Nombre del editor, distribuidor, etc. Bank Administration Institute ;
Lugar de publicación, distribución, etc. Homewood, Ill. :
Nombre del editor, distribuidor, etc. Dow Jones-Irwin,
Fecha de publicación, distribución, etc. c1988.
300 ## - DESCRIPCIÓN FÍSICA
Extensión xiii, 322 p. :
Otras características físicas ill. ;
Dimensiones 24 cm.
504 ## - NOTA DE BIBLIOGRAFÍA, ETC.
Nota de bibliografía, etc. Includes bibliographical references.
650 #0 - PUNTO DE ACCESO ADICIONAL DE MATERIA--TÉRMINO DE MATERIA
Término de materia o nombre geográfico como elemento de entrada Banks and banking
Subdivisión geográfica United States.
650 #0 - PUNTO DE ACCESO ADICIONAL DE MATERIA--TÉRMINO DE MATERIA
Término de materia o nombre geográfico como elemento de entrada Bank management
Subdivisión geográfica United States.
650 #0 - PUNTO DE ACCESO ADICIONAL DE MATERIA--TÉRMINO DE MATERIA
Término de materia o nombre geográfico como elemento de entrada Bank failures
Subdivisión geográfica United States.
700 1# - ENTRADA AGREGADA--NOMBRE PERSONAL
Nombre de persona Schopf, William G.
700 1# - ENTRADA AGREGADA--NOMBRE PERSONAL
Nombre de persona Smith, Geoffrey N.
942 ## - ELEMENTOS DE ENTRADA SECUNDARIOS (KOHA)
Fuente del sistema de clasificación o colocación Clasificación de Library of Congress
Tipo de ítem Koha
922 ## -
-- adco
Holdings
Estatus retirado Estado de pérdida Fuente del sistema de clasificación o colocación Estado de daño No para préstamo Colección Biblioteca de origen Biblioteca actual Ubicación en estantería Fecha de adquisición Serial enumeration / chronology Signatura topográfica completa Código de barras Visto por última vez Copia número Tipo de ítem Koha
    Clasificación de Library of Congress     Ciencias Sociales Biblioteca Juan Bosch Biblioteca Juan Bosch Ciencias Sociales (3er. Piso) 10/04/2023 1 HG 2481 A134m 1988 00000026867 24/10/2018 1